[Event "Heusenstamm Schloss op"]
[Site "Heusenstamm"]
[Date "2023.11.24"]
[Round "2"]
[White "Hilzinger, Markus"]
[Black "Blaschke, Henri Johannes"]
[Result "1/2-1/2"]
[WhiteElo "2132"]
[BlackElo "1866"]
[PlyCount "76"]
[EventDate "2023.11.23"]
[EventType "swiss"]
[EventRounds "7"]
[EventCountry "GER"]
[SourceTitle "CB50_2023"]
[SourceDate "2023.12.13"]
[SourceVersion "1"]
[SourceVersionDate "2023.12.13"]
[SourceQuality "1"]

1. c4 e6 2. d4 d5 3. Nf3 Nf6 4. g3 Bb4+ 5. Nc3 0-0 6. Bg2 c6 7. 0-0 Nbd7 8. Qb3 a5 9. Bf4 Re8 10. Rfd1 Bf8 11. h3 a4 12. Qc2 Qa5 13. c5 b5 14. cxb6 Nxb6 15. Bc7 a3 16. b3 Qa7 17. Bf4 Ba6 18. e4 Rec8 19. Bg5 Nfd7 20. Rac1 h6 21. Be3 Nf6 22. Ne5 Bd6 23. Qd2 Qb8 24. Nd3 Ne8 25. Nc5 Bxc5 26. dxc5 Nd7 27. Na4 Nef6 28. exd5 exd5 29. Bd4 Re8 30. Re1 Qb7 31. Qf4 Bd3 32. Nb6 Rad8 33. Qd6 Ne5 34. Qxd8 Rxd8 35. Rxe5 Be4 36. f3 Bg6 37. Rce1 Qa6 38. R5e3 Qb7 1/2-1/2

[Event "Verbandsliga Nordbaden 2223"]
[Site "Germany"]
[Date "2022.12.04"]
[Round "4.2"]
[White "Hilzinger, Markus"]
[Black "Reinhardt, Bernd"]
[Result "1/2-1/2"]
[WhiteElo "2142"]
[BlackElo "2103"]
[PlyCount "147"]
[EventDate "2022.09.25"]
[EventType "team-tourn"]
[EventRounds "9"]
[EventCountry "GER"]
[SourceTitle "EXT 2024"]
[Source "ChessBase"]
[SourceDate "2023.10.10"]
[SourceVersion "1"]
[SourceVersionDate "2023.10.10"]
[SourceQuality "1"]
[WhiteTeam "Pforzheim"]
[BlackTeam "Bad Mergentheim II"]
[WhiteTeamCountry "GER"]
[BlackTeamCountry "GER"]

1. c4 Nf6 2. d4 e5 3. dxe5 Ng4 4. Bf4 Nc6 5. Nf3 Bb4+ 6. Nc3 Qe7 7. Qd5 f6 8. exf6 Nxf6 9. Qd3 Ne4 10. g3 g5 11. Be3 d6 12. Nd4 Nc5 13. Qc2 Ne5 14. a3 Bxc3+ 15. Qxc3 Ne4 16. Qb3 Ng4 17. Nc2 a5 18. f3 Nxe3 19. Qxe3 Nc5 20. Qxe7+ Kxe7 21. e3 a4 22. Rd1 Rf8 23. Nd4 Ra6 24. Be2 Rb6 25. Rd2 Kf6 26. 0-0 Re8 27. Kf2 Kg6 28. Re1 g4 29. Nb5 Re7 30. Bd1 Rf7 31. Bc2+ Kg7 32. f4 Be6 33. Rd4 Bxc4 34. Rxc4 Rxb5 35. Rb1 Ra5 36. Rd1 b5 37. Rb4 Kf6 38. Rd5 h6 39. Rh5 Kg7 40. Rh4 Nd7 41. Rxg4+ Kf8 42. Ke2 c5 43. Re4 Nf6 44. Rg6 Nxe4 45. Bxe4 Ke7 46. Bd5 Rf6 47. Rg7+ Kf8 48. Rg8+ Ke7 49. g4 b4 50. g5 hxg5 51. fxg5 Rf5 52. e4 Re5 53. Kd3 bxa3 54. bxa3 Rb5 55. h4 Rb1 56. h5 Rd1+ 57. Kc4 Rd4+ 58. Kb5 Rdxd5 59. exd5 Kf7 60. Rd8 Rxg5 61. Rd7+ Ke8 62. Rxd6 Rxh5 63. Kc6 c4 64. Re6+ Kd8 65. Re4 c3 66. Rxa4 c2 67. Rc4 Rh7 68. d6 Ra7 69. Rxc2 Rxa3 70. Rc4 Rd3 71. Rh4 Rc3+ 72. Kd5 Rd3+ 73. Ke5 Re3+ 74. Re4 1/2-1/2

[Event "Verbandsliga Nordbaden 2223"]
[Site "Germany"]
[Date "2022.09.25"]
[Round "1.2"]
[White "Hilzinger, Markus"]
[Black "Piekors, Mark"]
[Result "1/2-1/2"]
[WhiteElo "2142"]
[BlackElo "2131"]
[PlyCount "81"]
[EventDate "2022.09.25"]
[EventType "team-tourn"]
[EventRounds "9"]
[EventCountry "GER"]
[SourceTitle "EXT 2024"]
[Source "ChessBase"]
[SourceDate "2023.10.10"]
[SourceVersion "1"]
[SourceVersionDate "2023.10.10"]
[SourceQuality "1"]
[WhiteTeam "Pforzheim"]
[BlackTeam "Mosbach"]
[WhiteTeamCountry "GER"]
[BlackTeamCountry "GER"]

1. c4 c6 2. Nf3 d5 3. g3 e6 4. Bg2 f5 5. 0-0 Nf6 6. b3 Bd6 7. Ba3 Bxa3 8. Nxa3 0-0 9. b4 Qe7 10. Qb3 Nbd7 11. Nc2 Kh8 12. d3 dxc4 13. Qxc4 Nb6 14. Qc3 Re8 15. Ne5 Nfd7 16. f4 Nd5 17. Qb3 Nxe5 18. fxe5 a5 19. a3 axb4 20. axb4 Rxa1 21. Rxa1 Qg5 22. d4 f4 23. e4 fxe3 24. Bxd5 exd5 25. Qxe3 Qg6 26. Qf2 Bh3 27. Ne1 Kg8 28. Ng2 Rf8 29. Nf4 Qf5 30. Re1 Bg4 31. Qe3 g5 32. Nd3 h6 33. e6 Re8 34. e7 Qf6 35. Nc5 Bc8 36. Nd3 Kg7 37. Nc5 Kg8 38. Nd3 Kg7 39. Re2 Bg4 40. Re1 Bh3 41. Nc5 1/2-1/2

[Event "Heusenstamm Sparkassen op-A 6th"]
[Site "Heusenstamm"]
[Date "2019.11.23"]
[Round "4"]
[White "Hilzinger, Markus"]
[Black "Bagrationi, Alexander"]
[Result "0-1"]
[WhiteElo "2141"]
[BlackElo "2500"]
[PlyCount "80"]
[EventDate "2019.11.21"]
[EventType "swiss"]
[EventRounds "7"]
[EventCountry "GER"]
[SourceTitle "CBM 194 Extra"]
[Source "ChessBase"]
[SourceDate "2020.03.31"]
[SourceVersion "1"]
[SourceVersionDate "2020.03.31"]
[SourceQuality "1"]

1. c4 f5 2. d4 Nf6 3. Nf3 g6 4. Nc3 Bg7 5. g3 0-0 6. Bg2 b6 7. 0-0 Bb7 8. b3 c5 9. e3 e6 10. Bb2 Qe7 11. Qe2 d6 12. Rad1 Ne4 13. Qc2 Nc6 14. dxc5 Nb4 15. cxd6 Qd7 16. Qc1 Nxc3 17. Bxc3 Nxa2 18. Bxg7 Nxc1 19. Bxf8 Ne2+ 20. Kh1 Rxf8 21. Ne5 Bxg2+ 22. Kxg2 Qg7 23. f4 Qb7+ 24. Kf2 Nc3 25. Rd3 Ne4+ 26. Ke2 Nc5 27. Rd2 Nxb3 28. Rd3 Qg2+ 29. Ke1 Nc5 30. Rd2 Qe4 31. Kf2 Rd8 32. Rfd1 Nd7 33. Rd4 Qb7 34. Nf3 h6 35. h4 Kf7 36. h5 gxh5 37. Rh1 Nf6 38. Ne5+ Kg7 39. Rhd1 Ng4+ 40. Nxg4 hxg4 0-1

[Event "Verbandsliga Nordbaden 1819"]
[Site "Baden"]
[Date "2019.05.05"]
[Round "9.2"]
[White "Hilzinger, Markus"]
[Black "Kistner, Klaus"]
[Result "1-0"]
[WhiteElo "2141"]
[BlackElo "2169"]
[PlyCount "83"]
[EventDate "2018.10.14"]
[EventType "team-tourn"]
[EventRounds "9"]
[EventCountry "GER"]
[SourceTitle "EXT 2020"]
[Source "ChessBase"]
[SourceDate "2019.10.17"]
[SourceVersion "1"]
[SourceVersionDate "2019.10.17"]
[SourceQuality "1"]
[WhiteTeam "Pforzheim"]
[BlackTeam "Bad Mergentheim II"]
[WhiteTeamCountry "GER"]
[BlackTeamCountry "GER"]

1. c4 Nf6 2. Nf3 g6 3. Nc3 Bg7 4. g3 0-0 5. Bg2 d6 6. 0-0 Nc6 7. d4 a6 8. h3 Rb8 9. e4 b5 10. cxb5 axb5 11. Be3 e5 12. Qc2 exd4 13. Nxd4 Nxd4 14. Bxd4 b4 15. Na4 Bd7 16. Rad1 Qc8 17. Kh2 Qa6 18. b3 c5 19. Nxc5 dxc5 20. Bxf6 Bb5 21. Bxg7 Kxg7 22. Rfe1 c4 23. bxc4 Bxc4 24. Bf1 Rfc8 25. Qb2+ Kg8 26. Bxc4 Rxc4 27. Rc1 Re8 28. Rxc4 Qxc4 29. Qe2 Qe6 30. Qb5 Ra8 31. Qxb4 Rxa2 32. Qd4 h5 33. Rb1 Ra8 34. Rb6 Qe8 35. Rd6 Ra4 36. Qf6 Ra8 37. e5 Kh7 38. e6 fxe6 39. Rxe6 Qg8 40. Re7+ Kh6 41. Qf4+ g5 42. Qd6+ 1-0

[Event "Verbandsliga Nordbaden 1516"]
[Site "Baden"]
[Date "2016.03.06"]
[Round "7.2"]
[White "Hilzinger, Markus"]
[Black "Hauke, Christian"]
[Result "1-0"]
[WhiteElo "2100"]
[BlackElo "2192"]
[PlyCount "81"]
[EventDate "2015.09.27"]
[EventType "team-tourn"]
[EventRounds "9"]
[EventCountry "GER"]
[SourceTitle "EXT 2022"]
[Source "ChessBase"]
[SourceDate "2021.10.06"]
[SourceVersion "1"]
[SourceVersionDate "2021.10.06"]
[SourceQuality "1"]
[WhiteTeam "Pforzheim"]
[BlackTeam "Bad Mergentheim II"]
[WhiteTeamCountry "GER"]
[BlackTeamCountry "GER"]

1. c4 e5 2. Nc3 d6 3. Nf3 f5 4. g3 Nf6 5. Bg2 g6 6. 0-0 Bg7 7. d4 e4 8. Ng5 0-0 9. Nh3 Nc6 10. b3 Nh5 11. e3 Re8 12. Bd2 Bd7 13. a3 a5 14. Rc1 Rb8 15. Nd5 b6 16. Re1 Ne7 17. Nxe7+ Qxe7 18. Qe2 c5 19. Bc3 b5 20. dxc5 Bxc3 21. Rxc3 dxc5 22. cxb5 Bxb5 23. Qa2 Kg7 24. Rec1 Rbc8 25. Bf1 Bxf1 26. Kxf1 Qd7 27. Qc2 Re5 28. Kg2 Qb7 29. Rc4 Kh6 30. b4 axb4 31. axb4 f4 32. Nxf4 Nxf4+ 33. gxf4 Rh5 34. Qxe4 Qd7 35. Qf3 Qe7 36. e4 Rf8 37. bxc5 Rh4 38. e5 g5 39. fxg5+ Qxg5+ 40. Qg3 Rxf2+ 41. Kxf2 1-0

[Event "Heusenstamm Sparkassen op-A 2nd"]
[Site "Heusenstamm"]
[Date "2015.11.27"]
[Round "3"]
[White "Barski, Radoslaw"]
[Black "Hilzinger, Markus"]
[Result "1-0"]
[WhiteElo "2336"]
[BlackElo "2100"]
[PlyCount "142"]
[EventDate "2015.11.26"]
[EventType "swiss"]
[EventRounds "7"]
[EventCountry "GER"]
[SourceTitle "CBM 169 Extra"]
[Source "ChessBase"]
[SourceDate "2015.12.18"]
[SourceVersion "1"]
[SourceVersionDate "2015.12.18"]
[SourceQuality "1"]

1. e4 c5 2. Nf3 g6 3. d4 cxd4 4. Nxd4 Bg7 5. Nc3 Nc6 6. Be3 Nf6 7. Bc4 0-0 8. Bb3 a5 9. a4 Ng4 10. Qxg4 Nxd4 11. Qd1 Nxb3 12. cxb3 d6 13. 0-0 Be6 14. Ra3 f5 15. exf5 Rxf5 16. Bd4 Qf8 17. Re1 Bxd4 18. Qxd4 Qf7 19. f3 Rf8 20. b4 Rf4 21. Ne4 axb4 22. Raa1 h6 23. Qe3 Bd5 24. Ng3 e6 25. Rad1 g5 26. Ne2 Rf5 27. Ng3 Rf4 28. Qb6 g4 29. fxg4 Rf2 30. Rxd5 exd5 31. Nf5 Rxf5 32. gxf5 Qxf5 33. Qd4 Rf6 34. h3 Re6 35. Rf1 Qe4 36. Qf2 Qe3 37. Rd1 Re5 38. Rd4 b3 39. Rb4 Re4 40. Qxe3 Rxe3 41. Rxb7 Re4 42. a5 Ra4 43. Rxb3 Rxa5 44. Rb7 d4 45. Rb4 Rd5 46. Kf2 d3 47. Ke1 Kf7 48. Kd2 Rf5 49. Ke3 h5 50. Rd4 Rg5 51. g4 hxg4 52. hxg4 Ke6 53. Kxd3 Rc5 54. b4 Rc1 55. b5 Kd7 56. Rb4 Re1 57. b6 Kc8 58. b7+ Kb8 59. Rb5 Rg1 60. g5 d5 61. Rxd5 Kxb7 62. Ke4 Kc6 63. Ra5 Kd6 64. Kf5 Ke7 65. Kg6 Rg2 66. Kg7 Rg1 67. g6 Rg2 68. Re5+ Kd6 69. Re1 Rg3 70. Kf7 Rg2 71. Rf1 Rg1 1-0

[Event "Verbandsliga Nordbaden 1516"]
[Site "Baden"]
[Date "2015.09.27"]
[Round "1.2"]
[White "Wenner, Tobias"]
[Black "Hilzinger, Markus"]
[Result "0-1"]
[WhiteElo "2115"]
[BlackElo "2100"]
[PlyCount "80"]
[EventDate "2015.09.27"]
[EventType "team-tourn"]
[EventRounds "9"]
[EventCountry "GER"]
[SourceTitle "EXT 2022"]
[Source "ChessBase"]
[SourceDate "2021.10.06"]
[SourceVersion "1"]
[SourceVersionDate "2021.10.06"]
[SourceQuality "1"]
[WhiteTeam "Eppingen II"]
[BlackTeam "Pforzheim"]
[WhiteTeamCountry "GER"]
[BlackTeamCountry "GER"]

1. Nf3 Nf6 2. c4 g6 3. g3 Bg7 4. Bg2 0-0 5. 0-0 d6 6. d4 Nbd7 7. Nc3 c6 8. e4 e5 9. h3 Qb6 10. Re1 exd4 11. Nxd4 Ng4 12. Nce2 Nge5 13. Qc2 Nc5 14. Rd1 f5 15. exf5 Bxf5 16. Nxf5 Rxf5 17. Be3 Nf7 18. Nd4 Re5 19. Nf3 Re6 20. b4 Bxa1 21. bxc5 Qb2 22. Qb1 Qxb1 23. Rxb1 Bf6 24. Rxb7 dxc5 25. Bxc5 Nd6 26. Rc7 Ne4 27. Rxa7 Rxa7 28. Bxa7 c5 29. Nh4 Bd4 30. Bxe4 Rxe4 31. Nf3 Re7 32. Bb8 Re2 33. Nxd4 cxd4 34. a4 Kf7 35. Kf1 Rc2 36. a5 Rxc4 37. Ke2 Ke6 38. a6 Kd5 39. a7 Ra4 40. f4 Ke4 0-1

[Event "Verbandsliga Nordbaden 1415"]
[Site "Baden"]
[Date "2014.12.14"]
[Round "4.2"]
[White "Hilzinger, Markus"]
[Black "Elis, Volker"]
[Result "1/2-1/2"]
[WhiteElo "2089"]
[BlackElo "2220"]
[PlyCount "94"]
[EventDate "2014.10.12"]
[EventType "team-tourn"]
[EventRounds "9"]
[EventCountry "GER"]
[SourceTitle "EXT 2022"]
[Source "ChessBase"]
[SourceDate "2021.10.06"]
[SourceVersion "1"]
[SourceVersionDate "2021.10.06"]
[SourceQuality "1"]
[WhiteTeam "Pforzheim"]
[BlackTeam "Heidelberg"]
[WhiteTeamCountry "GER"]
[BlackTeamCountry "GER"]

1. c4 g6 2. Nf3 Bg7 3. d4 d6 4. Nc3 Nf6 5. g3 0-0 6. Bg2 Nbd7 7. 0-0 e5 8. h3 a6 9. e4 b5 10. cxb5 axb5 11. Qc2 b4 12. Na4 Bb7 13. dxe5 dxe5 14. Nd2 Qe7 15. b3 c5 16. Nc4 Bc6 17. Be3 Bxa4 18. bxa4 Ne8 19. Rfd1 Nc7 20. a5 Ne6 21. a3 Nd4 22. Bxd4 exd4 23. e5 Ra7 24. axb4 cxb4 25. f4 g5 26. Nd6 Qe6 27. Qc4 Qxc4 28. Nxc4 gxf4 29. gxf4 Nc5 30. Rab1 Rb8 31. Rxd4 Ne6 32. Re4 Bf8 33. f5 Bc5+ 34. Kf1 Nd4 35. f6 b3 36. Rg4+ Kh8 37. Be4 Ne6 38. Rh4 Nf8 39. Ke2 Rb4 40. Bd5 Ng6 41. Rg4 Rd7 42. Bf3 Rd4 43. Rxd4 Bxd4 44. Kd3 Bxe5 45. a6 Ra4 46. Bb7 Bxf6 47. Rxb3 Ne5+ 1/2-1/2

[Event "Verbandsliga Nord Baden 1314"]
[Site "Germany"]
[Date "2014.03.09"]
[Round "7.2"]
[White "Raps, Johannes"]
[Black "Hilzinger, Markus"]
[Result "1-0"]
[WhiteElo "2168"]
[BlackElo "2089"]
[PlyCount "75"]
[EventDate "2013.10.20"]
[EventType "team-tourn"]
[EventRounds "9"]
[EventCountry "GER"]
[SourceTitle "EXT 2015"]
[Source "ChessBase"]
[SourceDate "2014.11.20"]
[SourceVersion "1"]
[SourceVersionDate "2014.11.20"]
[SourceQuality "1"]
[WhiteTeam "Bad Mergentheim II"]
[BlackTeam "Pforzheim"]
[WhiteTeamCountry "GER"]
[BlackTeamCountry "GER"]

1. d4 Nf6 2. c4 g6 3. Nc3 Bg7 4. Nf3 d6 5. e4 0-0 6. h3 e5 7. dxe5 dxe5 8. Bg5 Nbd7 9. Bd3 c6 10. 0-0 Qe7 11. Qe2 Nc5 12. Rad1 h6 13. Be3 Nh5 14. Rfe1 Ne6 15. Qd2 Rd8 16. Qc1 Nd4 17. Nh2 g5 18. Bf1 Nf4 19. h4 Bf6 20. Bxd4 exd4 21. e5 Bg7 22. Ne4 Qxe5 23. Nxg5 Qf6 24. Ngf3 Be6 25. Re4 Ng6 26. Nxd4 Nxh4 27. Nxe6 fxe6 28. Rde1 Re8 29. c5 Kh8 30. Qc4 Nf5 31. Bd3 Rad8 32. Ng4 Qg5 33. Rxe6 Rxe6 34. Rxe6 Nd4 35. Rg6 Qe7 36. Ne3 Qe5 37. Qf7 Rf8 38. Rxh6+ 1-0

[Event "Verbandsliga Nord Baden 1314"]
[Site "Germany"]
[Date "2013.11.17"]
[Round "2.2"]
[White "Hilzinger, Markus"]
[Black "Volodin, Ivan"]
[Result "0-1"]
[WhiteElo "2118"]
[BlackElo "2265"]
[PlyCount "132"]
[EventDate "2013.10.20"]
[EventType "team-tourn"]
[EventRounds "9"]
[EventCountry "GER"]
[SourceTitle "EXT 2015"]
[Source "ChessBase"]
[SourceDate "2014.11.20"]
[SourceVersion "1"]
[SourceVersionDate "2014.11.20"]
[SourceQuality "1"]
[WhiteTeam "Pforzheim"]
[BlackTeam "Heidelberg"]
[WhiteTeamCountry "GER"]
[BlackTeamCountry "GER"]

1. c4 c5 2. Nf3 Nf6 3. Nc3 d5 4. cxd5 Nxd5 5. g3 Nc6 6. Bg2 Nc7 7. 0-0 e5 8. d3 Be7 9. b3 0-0 10. Bb2 Be6 11. Rc1 f6 12. Nd2 Qd7 13. Re1 b6 14. Nde4 Rad8 15. Nb1 Rfe8 16. a3 Nd4 17. Bxd4 exd4 18. Qc2 Nd5 19. Ned2 f5 20. Nf3 f4 21. Nbd2 Bf5 22. Ne4 Bf8 23. Nfd2 Kh8 24. Qc4 Be6 25. Qc2 g6 26. Nc4 Bg7 27. Qb2 Rf8 28. b4 cxb4 29. axb4 Qb5 30. Rb1 Nc3 31. Ra1 a5 32. gxf4 Rxf4 33. Qd2 Rxe4 34. Na3 Rxe2 35. Rxe2 Nxe2+ 36. Qxe2 Qd7 37. bxa5 bxa5 38. Qd2 a4 39. Qb4 h6 40. Nc4 Bf5 41. Nb2 Qc7 42. Qxa4 Rb8 43. Qa3 Qc3 44. Nd1 Qxd3 45. Qxd3 Bxd3 46. Bf3 Bc2 47. Rc1 Bf5 48. Kf1 Be5 49. Kg2 Kg7 50. Be2 h5 51. h3 Rb3 52. f3 d3 53. Bf1 Bd4 54. Rc4 Bb6 55. Rc1 Kh6 56. Ra1 Kg5 57. Rc1 Ra3 58. Rb1 Bd4 59. h4+ Kxh4 60. Rb4 Bh3+ 61. Kh1 Bxf1 62. Rxd4+ Kg3 63. Rd6 Bg2+ 64. Kg1 Bxf3 65. Rxg6+ Bg4 66. Kf1 Ra1 0-1

[Event "Baden-ch"]
[Site "Emmendingen"]
[Date "2012.06.10"]
[Round "9"]
[White "Hilzinger, Markus"]
[Black "Chernov, Vadim A"]
[Result "0-1"]
[WhiteElo "2087"]
[BlackElo "2453"]
[PlyCount "52"]
[EventDate "2012.06.04"]
[EventType "swiss"]
[EventRounds "9"]
[EventCountry "GER"]
[SourceTitle "CBM 148 Extra"]
[Source "ChessBase"]
[SourceDate "2012.06.22"]
[SourceVersion "1"]
[SourceVersionDate "2012.06.22"]
[SourceQuality "1"]

1. c4 e5 2. Nc3 Nf6 3. Nf3 Nc6 4. g3 Bb4 5. Bg2 0-0 6. 0-0 e4 7. Ng5 Bxc3 8. dxc3 Re8 9. c5 h6 10. Nh3 Qe7 11. Be3 b6 12. cxb6 axb6 13. Nf4 Ra5 14. b4 Ra3 15. Qc1 Ra8 16. Rd1 Ba6 17. h4 Bc4 18. Qb2 Ra4 19. Bd4 Nxd4 20. Rxd4 d5 21. e3 Rea8 22. a3 c6 23. g4 Nxg4 24. Bxe4 Qxh4 25. Bd3 Qh2+ 26. Kf1 Nxe3+ 0-1

[Event "Baden-ch"]
[Site "Emmendingen"]
[Date "2012.06.09"]
[Round "8"]
[White "Mueller, Erich2222"]
[Black "Hilzinger, Markus"]
[Result "0-1"]
[WhiteElo "2131"]
[BlackElo "2087"]
[PlyCount "80"]
[EventDate "2012.06.04"]
[EventType "swiss"]
[EventRounds "9"]
[EventCountry "GER"]
[SourceTitle "CBM 148 Extra"]
[Source "ChessBase"]
[SourceDate "2012.06.22"]
[SourceVersion "1"]
[SourceVersionDate "2012.06.22"]
[SourceQuality "1"]

1. d4 Nf6 2. c4 g6 3. Nc3 Bg7 4. g3 0-0 5. Bg2 d6 6. Nf3 Nbd7 7. d5 a5 8. 0-0 Nc5 9. Be3 Bd7 10. Rc1 Ne8 11. Bd4 Bh6 12. Nd2 e6 13. f4 Qe7 14. Nf3 c6 15. e4 f6 16. Rc2 e5 17. fxe5 fxe5 18. Bf2 Nf6 19. Qe2 Ng4 20. Nd1 Nxf2 21. Nxf2 cxd5 22. cxd5 Rf7 23. Bh3 Bxh3 24. Nxh3 Raf8 25. Kg2 Qd7 26. Rxc5 Rxf3 27. Rxf3 dxc5 28. Rxf8+ Kxf8 29. Qf2+ Kg8 30. Qxc5 Qg4 31. Qc2 Be3 32. Ng1 Bxg1 33. Kxg1 Qf3 34. Qc8+ Kg7 35. Qc7+ Kh6 36. Qxe5 Qe3+ 37. Kg2 Qe2+ 38. Kh3 Qf1+ 39. Kh4 Qc1 40. Qf4+ g5+ 0-1

[Event "Verbandsliga Nord Baden 1112"]
[Site "Germany"]
[Date "2012.03.04"]
[Round "7.2"]
[White "Farmani Anosheh, Armin"]
[Black "Hilzinger, Markus"]
[Result "0-1"]
[WhiteElo "2216"]
[BlackElo "2087"]
[PlyCount "96"]
[EventDate "2011.10.09"]
[EventType "team-tourn"]
[EventRounds "9"]
[EventCountry "GER"]
[SourceTitle "EXT 2013"]
[Source "ChessBase"]
[SourceDate "2012.11.22"]
[SourceVersion "1"]
[SourceVersionDate "2012.11.22"]
[SourceQuality "1"]
[WhiteTeam "Ladenburg"]
[BlackTeam "Pforzheim"]
[WhiteTeamCountry "GER"]
[BlackTeamCountry "GER"]

1. e4 c5 2. Nf3 Nc6 3. d4 cxd4 4. Nxd4 Nf6 5. Nc3 g6 6. Be3 Bg7 7. Bc4 0-0 8. f3 Qb6 9. Rb1 Nxe4 10. Nd5 Qa5+ 11. b4 Nxb4 12. Rxb4 Nc3 13. Nxc3 Qxb4 14. Qd3 e6 15. 0-0 d5 16. Bb3 Bd7 17. f4 a5 18. a4 Rfc8 19. Ncb5 Bc6 20. Kh1 Qe7 21. Qd2 f6 22. f5 gxf5 23. Bh6 Bd7 24. Re1 Bxh6 25. Qxh6 Rc5 26. Nxe6 Bxe6 27. Nd4 Ra6 28. Qe3 Kf7 29. Nxf5 Qf8 30. Qh3 Bxf5 31. Qxf5 Kg7 32. Bxd5 Rd6 33. Qg4+ Kh8 34. Bb3 Rg5 35. Qf4 Qe7 36. Qh4 Re5 37. Rf1 Rf5 38. Re1 Qe2 39. Bc4 Rd4 40. Bxe2 Rxh4 41. Bb5 Re5 42. Rf1 Kg7 43. h3 Rb4 44. c4 Rb2 45. Rd1 Ree2 46. Rd7+ Kh6 47. Rxb7 Rxg2 48. Rf7 Rgc2 0-1